LIBRARY & INFORMATION CENTRE, KCAET, TAVANUR

ONLINE PUBLIC ACCESS CATALOGUE (OPAC)

Elements of master theory / (Record no. 1465)

MARC details
000 -LEADER
fixed length control field 00465cam a2200181ua 4500
041 ## - LANGUAGE CODE
Language code of text/sound track or separate title eng
082 ## - DEWEY DECIMAL CLASSIFICATION NUMBER
Classification number p
Item number VUY/EL
100 ## - MAIN ENTRY--AUTHOR NAME
Personal name Vuylsteke, Arthur A .
245 ## - TITLE STATEMENT
Title Elements of master theory /
250 ## - EDITION STATEMENT
Edition statement 1 /
260 ## - PUBLICATION, DISTRIBUTION, ETC. (IMPRINT)
Place of publication New York :
Name of publisher Van Nostrand Reinhold Company ,
Year of publication 1960.
300 ## - PHYSICAL DESCRIPTION
Number of Pages 362 ; .
942 ## - ADDED ENTRY ELEMENTS (KOHA)
Koha item type Books
Holdings
Withdrawn status Lost status Damaged status Home library Current library Date acquired Full call number Accession Number Koha item type
      KAUAET KAUAET 07/04/2012 p 10602 Books
free website counter